000 00275 a2200121 4500
001 12809
082 _a338.761 IQB
090 _c9788
_d9788
100 _aIqbal S. Hussain
245 _aDecline of the Muslim Ummah
260 _aLahore
_bHumanity
_c2004
300 _a468 p
942 _aNUST-CAE
_k338.761 IQB
999 _c247882
_d247882